[Event "Championnat de France des Jeunes - Cadet"]
[Site "LA ROCHE SUR YON"]
[Date "2008.04.21"]
[Round "2.3"]
[White "Auvray, Simon"]
[Black "Fougerit, Valentin"]
[Result "1-0"]
[WhiteElo "1955"]
[BlackElo "2208"]
[PlyCount "79"]

1. e4 e5 2. Nf3 d6 3. d4 exd4 4. Nxd4 Nf6 5. Nc3 Be7 6. Be2 O-O 7. O-O Re8 8.
Re1 c6 9. Bf1 Bf8 10. Bg5 Nbd7 11. Bh4 Ne5 12. f3 Bd7 13. Bf2 Nh5 14. Qd2 Qf6
15. Be3 Qg6 16. Kh1 Be7 17. Qf2 b5 18. b3 Nf6 19. Nde2 h5 20. h3 Qh7 21. Red1
b4 22. Na4 d5 23. Bd4 Bd6 24. exd5 Nxd5 25. Rac1 Bf5 26. Ng3 Bg6 27. Nb2 Rad8
28. Nc4 Nxc4 29. Bxc4 Bf4 30. Ra1 Bxc2 31. Re1 h4 32. Rxe8+ Rxe8 33. Re1 Rd8
34. Qe2 Qg6 35. Ne4 Bxe4 36. Qxe4 Qxe4 37. fxe4 Nc3 38. Bxa7 Rd7 39. Bc5 Nxa2
40. e5 1-0

[Event "Championnat de France des Jeunes - Cadet"]
[Site "LA ROCHE SUR YON"]
[Date "2008.04.21"]
[Round "2.4"]
[White "Blum, Nicolas"]
[Black "Roger, Thomas"]
[Result "1-0"]
[WhiteElo "2180"]
[BlackElo "1914"]
[PlyCount "73"]

1. e4 c6 2. d4 d5 3. Nc3 dxe4 4. Nxe4 Bf5 5. Ng3 Bg6 6. h4 h6 7. Nf3 Nd7 8. h5
Bh7 9. Bd3 Bxd3 10. Qxd3 e6 11. Bf4 Qa5+ 12. Bd2 Qc7 13. O-O-O O-O-O 14. Qe2
Ngf6 15. Ne5 Nxe5 16. dxe5 Nd5 17. f4 Qb6 18. Ne4 Nb4 19. Bxb4 Bxb4 20. a3 Be7
21. Nd6+ Bxd6 22. exd6 Qc5 23. Qd3 Rd7 24. b4 Qd5 25. Qe3 Qa2 26. Qxa7 Qa1+ 27.
Kd2 Rxd6+ 28. Ke2 Rxd1 29. Rxd1 Qc3 30. Qa8+ Kc7 31. Qxh8 Qxc2+ 32. Ke1 Qe4+
33. Kd2 Qxg2+ 34. Kc1 Kb6 35. Qd8+ Kb5 36. Qa5+ Kc4 37. Qc5+ 1-0

[Event "Championnat de France des Jeunes - Cadet"]
[Site "LA ROCHE SUR YON"]
[Date "2008.04.21"]
[Round "2.5"]
[White "Valles, Manuel"]
[Black "Maniere, Alexis"]
[Result "1/2-1/2"]
[WhiteElo "2117"]
[BlackElo "1900"]
[PlyCount "41"]

1. d4 e6 2. Nf3 d5 3. e3 Nf6 4. Bd3 c5 5. b3 Nc6 6. Bb2 Bd6 7. Ne5 O-O 8. a3
Ne4 9. Bxe4 dxe4 10. Nxc6 bxc6 11. dxc5 Bxc5 12. Qg4 f6 13. Qxe4 Qe7 14. O-O
Bb7 15. Rd1 Rad8 16. Nc3 Bd6 17. Qc4 f5 18. Ne2 c5 19. Nf4 Rfe8 20. Rd3 Be4 21.
f3 1/2-1/2

[Event "Championnat de France des Jeunes - Cadet"]
[Site "LA ROCHE SUR YON"]
[Date "2008.04.22"]
[Round "2.1"]
[White "Forestier, Carole"]
[Black "Vinckier, Delphine"]
[Result "1-0"]
[WhiteElo "2037"]
[BlackElo "1818"]
[PlyCount "59"]

1. d4 Nf6 2. c4 e6 3. Nf3 b6 4. g3 Ba6 5. Qc2 c5 6. d5 Bb7 7. Bg2 exd5 8. Nh4
Nc6 9. cxd5 Nb4 10. Qf5 Bxd5 11. Bxd5 Nbxd5 12. O-O g6 13. Qf3 Bg7 14. e4 Nc7
15. Nc3 O-O 16. Bf4 Ne6 17. Bd6 Re8 18. e5 Nd4 19. Qd1 Nh5 20. Re1 Bf8 21. Ne4
Bxd6 22. Nxd6 Re6 23. Nf3 Nc6 24. Qd5 Ng7 25. Rad1 Rb8 26. Ne4 Ne8 27. Re3 Kg7
28. a3 Re7 29. Red3 Nc7 30. Qxc6 1-0

[Event "Championnat de France des Jeunes - Cadet"]
[Site "LA ROCHE SUR YON"]
[Date "2008.04.21"]
[Round "2.2"]
[White "Cheype, Marie"]
[Black "Le Bail, Clara"]
[Result "0-1"]
[WhiteElo "1809"]
[BlackElo "2012"]
[PlyCount "54"]

1. e4 e6 2. d4 d5 3. Nd2 Nf6 4. e5 Nfd7 5. Bd3 c5 6. c3 Nc6 7. Ndf3 cxd4 8.
cxd4 f6 9. exf6 Nxf6 10. Ne2 Bd6 11. O-O Qc7 12. Bg5 O-O 13. Bh4 Nh5 14. Qc2 h6
15. Bg6 Rxf3 16. gxf3 Bxh2+ 17. Kh1 Nf4 18. Ng3 e5 19. dxe5 Bh3 20. Rg1 Bxg1
21. Rxg1 Rf8 22. Nh5 Nxh5 23. Bxh5 Qxe5 24. Qg6 Kh8 25. Bg5 Qf5 26. Qd6 Rf6 27.
Bg4 Bxg4 0-1

[Event "Championnat de France des Jeunes - Cadet"]
[Site "LA ROCHE SUR YON"]
[Date "2008.04.21"]
[Round "2.3"]
[White "Richard, Emma"]
[Black "Garma, Jovanka"]
[Result "1-0"]
[WhiteElo "1985"]
[BlackElo "1770"]
[PlyCount "43"]

1. e4 c5 2. Nf3 Nc6 3. Bb5 g6 4. c3 Bg7 5. O-O Nf6 6. Re1 a6 7. Bf1 d6 8. h3
Bd7 9. d4 cxd4 10. cxd4 Rc8 11. e5 dxe5 12. dxe5 Ng8 13. Bc4 e6 14. Nc3 Nxe5
15. Nxe5 Bxe5 16. Rxe5 Rxc4 17. Ne4 Bc8 18. Bg5 Qxd1+ 19. Rxd1 Kf8 20. Rd8+ Kg7
21. Nd6 Rd4 22. Ne8+ 1-0

[Event "Championnat de France des Jeunes - Cadet"]
[Site "LA ROCHE SUR YON"]
[Date "2008.04.21"]
[Round "2.4"]
[White "Genzling, Sylvie"]
[Black "Cechetto, Lea"]
[Result "1-0"]
[WhiteElo "1955"]
[BlackElo "1752"]
[PlyCount "75"]

1. e4 e5 2. d4 exd4 3. Qxd4 Nc6 4. Qe3 d6 5. Bd2 Nf6 6. Nc3 Be7 7. O-O-O Be6 8.
f4 g6 9. h3 Nd7 10. g4 f6 11. Nf3 Bf7 12. Bg2 Nc5 13. e5 fxe5 14. fxe5 Qd7 15.
exd6 cxd6 16. Ng5 Ne5 17. Nxf7 Nxf7 18. Nd5 Ne5 19. Bc3 O-O-O 20. Bxe5 dxe5 21.
Nb6+ axb6 22. Rxd7 Rxd7 23. Qxe5 Rhd8 24. a3 Bd6 25. Qg5 Rf7 26. Kb1 Rf2 27. b4
Na4 28. Bxb7+ Kc7 29. Qe3 Rf4 30. Ba6 Kc6 31. Be2 Rc8 32. Rd1 Rf6 33. Qd4 Rcf8
34. b5+ Kc7 35. Qxa4 Kb7 36. Qa6+ Kc7 37. Qa7+ Kc8 38. Rxd6 1-0

[Event "Championnat de France des Jeunes - Cadet"]
[Site "LA ROCHE SUR YON"]
[Date "2008.04.21"]
[Round "2.5"]
[White "Leriquier, Claire"]
[Black "Hedouin, Priscillia"]
[Result "0-1"]
[WhiteElo "1890"]
[BlackElo "1470"]
[PlyCount "90"]

1. f4 e6 2. Nf3 d5 3. g3 Nf6 4. Bg2 Nc6 5. c3 Bd6 6. O-O Bd7 7. d3 O-O 8. Re1
Re8 9. e4 dxe4 10. dxe4 e5 11. fxe5 Nxe5 12. Nxe5 Rxe5 13. Bf4 Bc5+ 14. Be3
Bxe3+ 15. Rxe3 Qe7 16. Qe1 Ng4 17. Rd3 f5 18. Nd2 Bc6 19. Rd4 b5 20. Qe2 Re8
21. Re1 Nf6 22. Qd1 Qc5 23. Kh1 Bxe4 24. Nxe4 Nxe4 25. Bxe4 Rxe4 26. Rexe4 Rxe4
27. Rxe4 fxe4 28. Qd8+ Kf7 29. Qd4 Qxd4 30. cxd4 Ke6 31. Kg2 Kd5 32. Kf2 Kxd4
33. Ke2 c5 34. h4 a5 35. g4 c4 36. h5 b4 37. g5 a4 38. g6 h6 39. Kd2 a3 40.
bxa3 bxa3 41. Ke2 Kc3 42. Ke3 Kb2 43. Kxe4 c3 44. Ke5 c2 45. Ke6 c1=Q 0-1

[Event "Championnat de France des Jeunes - Minim"]
[Site "LA ROCHE SUR YON"]
[Date "2008.04.22"]
[Round "2.1"]
[White "Racle, Valentin"]
[Black "Sochacki, Wojtek"]
[Result "0-1"]
[WhiteElo "1980"]
[BlackElo "2245"]
[PlyCount "54"]

1. e4 e6 2. d4 d5 3. Nc3 Nf6 4. e5 Nfd7 5. f4 c5 6. Nf3 Nc6 7. Be3 a6 8. Be2 b5
9. O-O Qb6 10. Kh1 cxd4 11. Nxd4 Bc5 12. Nxc6 Bxe3 13. Nb4 Bb7 14. Bf3 O-O-O
15. Qe2 Bc5 16. Nd3 Be7 17. a3 Kb8 18. f5 Rhf8 19. fxe6 fxe6 20. Bg4 Nc5 21. b4
Nxd3 22. cxd3 Bg5 23. Rxf8 Rxf8 24. Bf3 Qd4 25. Qb2 Qxd3 26. Rd1 Qe3 27. Rf1
Qxe5 0-1

[Event "Championnat de France des Jeunes - Minim"]
[Site "LA ROCHE SUR YON"]
[Date "2008.04.21"]
[Round "2.2"]
[White "Song, Julien"]
[Black "Di Nicolantonio, Lucas"]
[Result "1-0"]
[WhiteElo "2214"]
[BlackElo "1959"]
[PlyCount "85"]

1. d4 Nf6 2. c4 e6 3. Nf3 b6 4. a3 Ba6 5. Qb3 d5 6. cxd5 Qxd5 7. Qc2 Qd8 8. Nc3
Be7 9. g3 O-O 10. Bg2 Bb7 11. O-O Nbd7 12. Rd1 c5 13. dxc5 Bxc5 14. b4 Be7 15.
Bb2 Qc7 16. Rac1 Rac8 17. Qb3 Qb8 18. Ng5 Bxg2 19. Kxg2 Qb7+ 20. Nf3 Rfd8 21.
Nb5 Ne4 22. Qe3 Ndf6 23. Rxd8+ Bxd8 24. Rxc8 Qxc8 25. Bxf6 Nxf6 26. Nxa7 Qa8
27. Nb5 Nd5 28. Qd3 Be7 29. e4 Nf6 30. Nd2 Qc6 31. Qc4 Qd7 32. Nf3 Qb7 33. Nc3
h6 34. a4 Bd8 35. Ne5 Be7 36. Nc6 Bf8 37. a5 bxa5 38. bxa5 Nd7 39. a6 Qa8 40.
Qb5 Bc5 41. Ne7+ Bxe7 42. Qxd7 Bc5 43. Qb7 1-0

[Event "Championnat de France des Jeunes - Minim"]
[Site "LA ROCHE SUR YON"]
[Date "2008.04.21"]
[Round "2.3"]
[White "Roth, Antoine"]
[Black "Massoni, Michael"]
[Result "0-1"]
[WhiteElo "1963"]
[BlackElo "2176"]
[PlyCount "72"]

1. e4 c5 2. Nf3 e6 3. d4 cxd4 4. Nxd4 a6 5. c4 Nf6 6. Nc3 Bb4 7. e5 Ne4 8. Qg4
Nxc3 9. Bd2 Nxa2 10. Rxa2 Bxd2+ 11. Kxd2 O-O 12. Bd3 f5 13. Qf4 Nc6 14. Nb5 Qb6
15. Re1 Rb8 16. Nd6 Qb3 17. Bb1 b5 18. Re3 Qb4+ 19. Rc3 bxc4 20. Qxc4 Qb6 21.
Qc5 Qd8 22. f4 Qh4 23. Rf3 Nb4 24. Ra4 Nd5 25. Rh3 Qg4 26. Rg3 Qh4 27. Rh3 Qe7
28. Qd4 Bb7 29. Ba2 Bc6 30. Rxa6 Rb4 31. Bc4 Rfb8 32. b3 Nb6 33. Nxf5 Nxc4+ 34.
Qxc4 Qf8 35. Nh6+ gxh6 36. Rg3+ Kh8 0-1

[Event "Championnat de France des Jeunes - Minim"]
[Site "LA ROCHE SUR YON"]
[Date "2008.04.21"]
[Round "2.4"]
[White "Ollier, Pablo"]
[Black "Sabo-Benke, Daniel"]
[Result "1/2-1/2"]
[WhiteElo "2147"]
[BlackElo "1935"]
[PlyCount "89"]

1. d4 Nf6 2. c4 g6 3. Nc3 d5 4. cxd5 Nxd5 5. e4 Nxc3 6. bxc3 Bg7 7. Bb5+ c6 8.
Ba4 O-O 9. Ne2 c5 10. O-O cxd4 11. cxd4 Nc6 12. Be3 a6 13. Rc1 Na5 14. d5 b5
15. Bc2 Nc4 16. Bd4 e5 17. Bc5 Re8 18. Bb3 Nd6 19. Qd3 a5 20. Bxd6 Qxd6 21. Rc6
Qd7 22. Rfc1 a4 23. Rc7 Qd8 24. Bd1 Bd7 25. d6 b4 26. Rb7 Rb8 27. Rcc7 Rxb7 28.
Rxb7 Bf8 29. f4 Bc6 30. Rc7 Bxd6 31. Rxc6 Bc5+ 32. Nd4 Bxd4+ 33. Kh1 b3 34.
axb3 Qa5 35. Qe2 a3 36. Ra6 Qc5 37. f5 Bb2 38. h4 Qc3 39. fxg6 hxg6 40. Qg4
Qe1+ 41. Kh2 Bc1 42. Rxg6+ fxg6 43. Qxg6+ Kf8 44. Qf6+ Kg8 45. Qg6+ 1/2-1/2

[Event "Championnat de France des Jeunes - Minim"]
[Site "LA ROCHE SUR YON"]
[Date "2008.04.21"]
[Round "2.5"]
[White "Jardine, Ludovic"]
[Black "Buscara, Sevan"]
[Result "0-1"]
[WhiteElo "1935"]
[BlackElo "2146"]
[PlyCount "56"]

1. d4 d5 2. c4 c6 3. Nf3 Nf6 4. Nc3 e6 5. Bf4 dxc4 6. a4 Bb4 7. Qc2 Qa5 8. Bd2
O-O 9. e4 c5 10. Bxc4 cxd4 11. Nb5 Nc6 12. O-O e5 13. Bg5 Be7 14. Ne1 a6 15.
Na3 Bd7 16. Qe2 Nb4 17. f4 exf4 18. Bxf4 Bg4 19. Nf3 Bc5 20. Bd3 Nxd3 21. Qxd3
Bxf3 22. gxf3 Qxa4 23. Kh1 Rac8 24. Nc4 Qd7 25. Rad1 g6 26. Bg5 Qe6 27. Rg1 Nd7
28. e5 Be7 0-1

[Event "Championnat de France des Jeunes - Minim"]
[Site "LA ROCHE SUR YON"]
[Date "2008.04.21"]
[Round "2.1"]
[White "Forgues, Valerie"]
[Black "Le Bail, Arielle"]
[Result "1-0"]
[WhiteElo "1970"]
[BlackElo "1789"]
[PlyCount "69"]

1. e4 e6 2. d4 d5 3. Nc3 Bb4 4. Nge2 Nc6 5. a3 Ba5 6. b4 Bb6 7. exd5 exd5 8.
Be3 Nge7 9. Ng3 Nf5 10. Nxf5 Bxf5 11. Bb5 O-O 12. O-O Ne7 13. Na4 c6 14. Nxb6
axb6 15. Be2 Bg6 16. Bg5 f6 17. Bf4 b5 18. c3 Nc8 19. a4 bxa4 20. Rxa4 Nb6 21.
Rxa8 Qxa8 22. b5 Qa3 23. Qc1 Qb3 24. bxc6 bxc6 25. Re1 Ra8 26. Bd1 Qa3 27. Bg4
Qxc1 28. Rxc1 Ra2 29. h4 Rc2 30. Be6+ Kh8 31. Rb1 Re2 32. Bf5 Bxf5 33. Rxb6 Bd7
34. Be3 h6 35. Rb7 1-0

[Event "Championnat de France des Jeunes - Minim"]
[Site "LA ROCHE SUR YON"]
[Date "2008.04.21"]
[Round "2.2"]
[White "Berthelot, Maeva"]
[Black "Lefevre, Margaux"]
[Result "0-1"]
[WhiteElo "1787"]
[BlackElo "1968"]
[PlyCount "142"]

1. e4 c5 2. c4 Nc6 3. Nc3 Nf6 4. g3 e6 5. f4 d6 6. Bg2 a6 7. a4 Nb4 8. d3 d5 9.
e5 Ng8 10. Na2 Nc6 11. Be3 Nh6 12. Nf3 Nf5 13. Bf2 d4 14. O-O Be7 15. Re1 h5
16. Nd2 g5 17. fxg5 Bxg5 18. Ne4 Be7 19. Bh3 Ne3 20. Bxe3 dxe3 21. Nd6+ Bxd6
22. exd6 Qxd6 23. Rxe3 Qd4 24. Qe2 Bd7 25. Kh1 O-O-O 26. Rf1 Be8 27. Rf4 Qd6
28. Bg2 Nd4 29. Qd1 Qb6 30. Rf2 Qb3 31. Qxb3 Nxb3 32. Nc3 Rd6 33. Ne4 Rd4 34.
Ng5 Rd7 35. Ref3 Nd4 36. Re3 Nf5 37. Ref3 Rg8 38. Ne4 Rc7 39. Nf6 Rh8 40. Nxe8
Rxe8 41. Bh3 Nh6 42. Rf6 Rh8 43. Rd2 Ng4 44. Bxg4 hxg4 45. Rdf2 Rh7 46. R2f4
Rg7 47. d4 cxd4 48. Rxd4 Rd7 49. Rxd7 Kxd7 50. Rf4 a5 51. Kg2 Kc6 52. Rd4 f5
53. Rd3 Kc5 54. b3 Kb4 55. Re3 Rd7 56. Rxe6 Kxb3 57. Re5 Kxa4 58. Rxf5 Rd2+ 59.
Kg1 Rd4 60. Rb5 Rxc4 61. Rxb7 Rb4 62. Ra7 Kb5 63. Kf1 Re4 64. Rb7+ Kc4 65. Rc7+
Kb3 66. Rd7 a4 67. Rd3+ Kc2 68. Ra3 Kb2 69. Rd3 a3 70. Rd2+ Kb1 71. Rd1+ Kc2
0-1

[Event "Championnat de France des Jeunes - Minim"]
[Site "LA ROCHE SUR YON"]
[Date "2008.04.21"]
[Round "2.3"]
[White "Jeannerot, Lea"]
[Black "Dubois, Emmanuelle"]
[Result "1-0"]
[WhiteElo "1946"]
[BlackElo "1785"]
[PlyCount "53"]

1. e4 c5 2. Nc3 Nc6 3. g3 e6 4. Bg2 g6 5. d3 a6 6. Be3 d6 7. Qd2 Bg7 8. h3 Nge7
9. Bh6 O-O 10. Bxg7 Kxg7 11. Nge2 f5 12. O-O Qc7 13. Rae1 b5 14. Nf4 b4 15. Nd1
e5 16. Ne2 Rb8 17. f4 Bb7 18. Ne3 fxe4 19. dxe4 Rbd8 20. Ng4 h5 21. Ne3 Bc8 22.
f5 gxf5 23. Nxf5+ Bxf5 24. exf5 Rg8 25. f6+ Kf7 26. fxe7+ Kxe7 27. Qd5 1-0

[Event "Championnat de France des Jeunes - Minim"]
[Site "LA ROCHE SUR YON"]
[Date "2008.04.21"]
[Round "2.4"]
[White "Saucey, Capucine"]
[Black "Dourerassou, Cynthia"]
[Result "1-0"]
[WhiteElo "1780"]
[BlackElo "1909"]
[PlyCount "38"]

1. e4 e5 2. Nf3 Nc6 3. Bc4 Bc5 4. d4 exd4 5. Ng5 Nh6 6. O-O O-O 7. Kh1 d6 8. f4
Ng4 9. h3 Ne3 10. Bxe3 dxe3 11. Qh5 h6 12. Nxf7 Rxf7 13. Qxf7+ Kh8 14. Rf3 Bd4
15. c3 Bf6 16. Rxe3 g5 17. Qh5 Kh7 18. Bd3 Bg7 19. e5+ Kg8 1-0

[Event "Championnat de France des Jeunes - Minim"]
[Site "LA ROCHE SUR YON"]
[Date "2008.04.22"]
[Round "2.5"]
[White "Hourlier, Claire"]
[Black "Auffret, Gaelle"]
[Result "1-0"]
[WhiteElo "1907"]
[BlackElo "1770"]
[PlyCount "131"]

1. e4 e6 2. d4 d5 3. e5 c5 4. c3 Nc6 5. Nf3 Bd7 6. Bd3 Nge7 7. O-O Ng6 8. Be3
Qb6 9. Qe2 Be7 10. Rd1 c4 11. Bxg6 hxg6 12. Bg5 f6 13. Bf4 Kf7 14. Qc2 Qd8 15.
Nbd2 g5 16. exf6 gxf6 17. Bg3 g4 18. Ne1 f5 19. Nf1 Bg5 20. Bd6 Bc8 21. Bc5 Qg8
22. f3 Bf4 23. fxg4 Qxg4 24. Nf3 Bd7 25. Re1 Rag8 26. Qf2 Kf6 27. Ne5 Nxe5 28.
dxe5+ Bxe5 29. Rxe5 Kxe5 30. Bd4+ Kd6 31. Bxh8 Rxh8 32. Qxa7 Qe2 33. Qxb7 Rg8
34. Qb6+ Ke7 35. Qc5+ Kf6 36. Qf2 Qxf2+ 37. Kxf2 e5 38. Rd1 Bc6 39. Ne3 Ke6 40.
g3 e4 41. Nc2 Ke5 42. Nd4 Bb7 43. Ke3 Rh8 44. Rd2 Rh3 45. Rf2 Bc8 46. b3 f4+
47. Rxf4 cxb3 48. axb3 Rxh2 49. Rf2 Rh3 50. Rg2 Ba6 51. b4 Bb7 52. Rg1 Bc8 53.
Kf2 Rh2+ 54. Ke3 Rh3 55. Kd2 Rh2+ 56. Kd1 Bg4+ 57. Kc1 e3 58. Re1 e2 59. Kd2
Rh3 60. Nxe2 Rh2 61. Ke3 Rg2 62. Nd4 Rxg3+ 63. Kf2+ Kf4 64. Rc1 Rd3 65. Rc2 Rh3
66. b5 1-0

[Event "Championnat de France des Jeunes - Benja"]
[Site "LA ROCHE SUR YON"]
[Date "2008.04.22"]
[Round "2.1"]
[White "Meley, Hector"]
[Black "Lagarde, Maxime"]
[Result "0-1"]
[WhiteElo "1862"]
[BlackElo "2308"]
[PlyCount "50"]

1. d4 Nf6 2. c4 g6 3. Nc3 d5 4. Nf3 Bg7 5. Bf4 O-O 6. e3 c5 7. dxc5 Ne4 8. Be5
Bxe5 9. Nxe5 Nxc3 10. bxc3 Qa5 11. Qb3 Nc6 12. Nxc6 bxc6 13. Be2 Rb8 14. Qc2
Qxc5 15. O-O dxc4 16. Rfd1 Be6 17. Qa4 Rb2 18. Bf3 Bd5 19. Rab1 Bxf3 20. Rxb2
Qg5 21. g3 Qg4 22. Kf1 Bxd1 23. Qxc6 Bf3 24. Qc5 Rd8 25. Qd4 Rxd4 0-1

[Event "Championnat de France des Jeunes - Benja"]
[Site "LA ROCHE SUR YON"]
[Date "2008.04.21"]
[Round "2.2"]
[White "Moussard, Jules"]
[Black "Rachid, Danial"]
[Result "1-0"]
[WhiteElo "2283"]
[BlackElo "1871"]
[PlyCount "51"]

1. e4 e6 2. d4 d5 3. Nc3 Bb4 4. Nge2 Nf6 5. e5 Nfd7 6. f4 c5 7. g3 Nc6 8. Be3
b6 9. Bh3 Ne7 10. O-O g6 11. Nb5 Nf5 12. Bxf5 gxf5 13. Nd6+ Ke7 14. c3 Ba5 15.
Rb1 c4 16. b4 cxb3 17. axb3 b5 18. Qc1 b4 19. Bd2 Ba6 20. cxb4 Bb6 21. b5 Bxb5
22. Qa3 Bc5 23. dxc5 Bxe2 24. c6 Qb6+ 25. Rf2 Nc5 26. Be3 1-0

[Event "Championnat de France des Jeunes - Benja"]
[Site "LA ROCHE SUR YON"]
[Date "2008.04.21"]
[Round "2.3"]
[White "Saatdjian, Stephane"]
[Black "Sochacki, Christophe"]
[Result "0-1"]
[WhiteElo "1860"]
[BlackElo "2185"]
[PlyCount "70"]

1. e4 e6 2. d4 d5 3. exd5 exd5 4. Bd3 Bd6 5. Nf3 Ne7 6. O-O Nbc6 7. c3 Bg4 8.
h3 Bh5 9. Re1 Qd7 10. Nbd2 O-O-O 11. b4 Rde8 12. b5 Nd8 13. a4 Ng6 14. Rxe8
Rxe8 15. Qc2 Nf4 16. Bf1 Bg6 17. Qb3 Ne2+ 18. Bxe2 Rxe2 19. Nf1 Bh5 20. Ne5
Bxe5 21. dxe5 Rxe5 22. Be3 Kb8 23. Ng3 f6 24. Bd4 Bf7 25. Bxe5 fxe5 26. Qc2 Bg6
27. Qe2 Qd6 28. Re1 Nf7 29. h4 h6 30. Qg4 e4 31. Qe2 Ne5 32. a5 Bf7 33. Rd1 Qf6
34. a6 Be6 35. Qa2 Ng4 {suite illisible} 0-1

[Event "Championnat de France des Jeunes - Benja"]
[Site "LA ROCHE SUR YON"]
[Date "2008.04.21"]
[Round "2.4"]
[White "Adeimi, Michel"]
[Black "Cazottes, Guillaume"]
[Result "1-0"]
[WhiteElo "2110"]
[BlackElo "1835"]
[PlyCount "80"]

1. e4 e6 2. d4 d5 3. exd5 exd5 4. Nf3 Bd6 5. Bd3 Nf6 6. c3 c6 7. Be3 Be6 8.
Nbd2 h6 9. h3 Nbd7 10. O-O Qc7 11. Qc2 O-O 12. Rfe1 b5 13. a4 a6 14. b4 Nb6 15.
axb5 axb5 16. Nb3 Rxa1 17. Rxa1 Ra8 18. Rxa8+ Nxa8 19. Qa2 Nb6 20. Nc5 Bxc5 21.
dxc5 Nc4 22. Bf4 Qc8 23. Nd4 Bd7 24. Qe2 Qe8 25. Qxe8+ Bxe8 26. f3 h5 27. Bf5
Na3 28. Bc1 Nc4 29. Bc8 Kh8 30. Bb7 Ne5 31. Bf4 Nd3 32. Bg3 Nc1 33. Kf1 Kg8 34.
Bxc6 Bxc6 35. Nxc6 Nb3 36. Na7 d4 37. cxd4 Nxd4 38. c6 Nd5 39. c7 Nxc7 40. Bxc7
Nc2 1-0

[Event "Championnat de France des Jeunes - Benja"]
[Site "LA ROCHE SUR YON"]
[Date "2008.04.21"]
[Round "2.5"]
[White "Levacic, Adrien"]
[Black "Lemeille, Francois"]
[Result "0-1"]
[WhiteElo "1836"]
[BlackElo "2090"]
[PlyCount "40"]
[EventDate "2008.??.??"]

1. d4 Nf6 2. c4 e6 3. Nf3 b6 4. g3 Bb7 5. Bg2 c5 6. d5 exd5 7. Nh4 Be7 8. cxd5
d6 9. Qa4+ Nfd7 10. Nf5 g6 11. Ng7+ Kf8 12. Bh6 Kg8 13. Bh3 Bxd5 14. e4 Bc6 15.
Qb3 c4 16. Qxc4 Ne5 17. Qb3 d5 18. Ne6 Qd6 19. Nd4 dxe4 20. Nxc6 Nd3+ 0-1

[Event "Championnat de France des Jeunes - Benja"]
[Site "LA ROCHE SUR YON"]
[Date "2008.04.22"]
[Round "2.1"]
[White "Aflalo, Sophie"]
[Black "Bogen, Fanny"]
[Result "1-0"]
[WhiteElo "1959"]
[BlackElo "1580"]
[PlyCount "45"]

1. e4 c5 2. Nf3 Nf6 3. Nc3 d5 4. exd5 Nxd5 5. Bc4 e6 6. O-O Be7 7. Ne4 O-O 8.
c3 b6 9. d3 h6 10. Ne5 Qc7 11. f4 Bb7 12. Qh5 Bf6 13. Ng4 Nd7 14. f5 exf5 15.
Qxf5 Be5 16. Rf3 Rae8 17. Bxh6 g6 18. Qg5 Bg7 19. Rh3 f5 20. Qxg6 Re7 21. Ng5
Rf6 22. Qh7+ Kf8 23. Qh8# 1-0

[Event "Championnat de France des Jeunes - Benja"]
[Site "LA ROCHE SUR YON"]
[Date "2008.04.22"]
[Round "2.2"]
[White "Stubbe, Alicia"]
[Black "Neuhauser, Salome"]
[Result "0-1"]
[WhiteElo "1570"]
[BlackElo "1945"]
[PlyCount "52"]

1. e4 d5 2. exd5 Nf6 3. d4 Bg4 4. f3 Bf5 5. Bb5+ Nbd7 6. c4 a6 7. Bxd7+ Qxd7 8.
Nc3 O-O-O 9. Nge2 e6 10. g4 Bg6 11. Bg5 Be7 12. dxe6 Qxe6 13. d5 Qb6 14. Qd2
Rhe8 15. Na4 Qb4 16. Qxb4 Bxb4+ 17. Kf2 Bd3 18. Nf4 Bxc4 19. Nh5 Nxh5 20. Rhc1
Re2+ 21. Kg1 b5 22. b3 Rxd5 23. bxc4 Rxg5 24. h4 bxa4 25. hxg5 Bc5+ 26. Kf1
Ng3# 0-1

[Event "Championnat de France des Jeunes - Benja"]
[Site "LA ROCHE SUR YON"]
[Date "2008.04.21"]
[Round "2.3"]
[White "Eid, Maha"]
[Black "Bertin, Cecile"]
[Result "1-0"]
[WhiteElo "1942"]
[BlackElo "1540"]
[PlyCount "45"]

1. d4 d5 2. Nf3 Nf6 3. e3 e6 4. Bd3 c5 5. b3 Nc6 6. a3 a5 7. Nbd2 Bd6 8. Bb2
Bd7 9. O-O O-O 10. Ne5 Be8 11. f4 Nd7 12. Rf3 f6 13. Nxd7 Qxd7 14. Rh3 f5 15.
dxc5 Bxc5 16. Rg3 Rf7 17. Qe2 d4 18. e4 e5 19. exf5 exf4 20. Rg4 Qc7 21. Nf3
Rxf5 22. Qe6+ Rf7 23. Ng5 1-0

[Event "Championnat de France des Jeunes - Benja"]
[Site "LA ROCHE SUR YON"]
[Date "2008.04.21"]
[Round "2.4"]
[White "Dubois, Marie"]
[Black "Haussernot, Cecile"]
[Result "0-1"]
[WhiteElo "1540"]
[BlackElo "1864"]
[PlyCount "52"]

1. d4 Nf6 2. c4 g6 3. Nc3 Bg7 4. e4 d6 5. Bd3 O-O 6. Nge2 c5 7. a3 Nc6 8. Bc2
Nd7 9. Be3 a6 10. Rb1 Qa5 11. Qd2 b5 12. cxb5 axb5 13. O-O b4 14. axb4 Qxb4 15.
Nd5 Qxd2 16. Bxd2 cxd4 17. Rfd1 e6 18. Nc7 Rb8 19. Ba4 d3 20. Nc3 Nd4 21. N7b5
Nc5 22. Nxd6 Ne2+ 23. Kf1 Nxc3 24. Bxc3 Nxa4 25. Bxg7 Kxg7 26. Rxd3 Ba6 0-1

[Event "Championnat de France des Jeunes - Benja"]
[Site "LA ROCHE SUR YON"]
[Date "2008.04.22"]
[Round "2.5"]
[White "Afraoui, Solenn"]
[Black "Alonso, Audrey"]
[Result "0-1"]
[WhiteElo "1830"]
[BlackElo "1530"]
[PlyCount "44"]

1. d4 Nf6 2. c4 e6 3. Nf3 b6 4. g3 Bb7 5. Bg2 c5 6. d5 exd5 7. Nh4 Be7 8. cxd5
d6 9. Qa4+ Nfd7 10. Nf5 g6 11. Ng7+ Kf8 12. Bh6 Kg8 13. Bh3 Bxd5 14. e4 Bc6 15.
Qb3 c4 16. Qxc4 Ne5 17. Qb3 d5 18. Ne6 Qd6 19. Nd4 dxe4 20. Nxc6 Nbxc6 21. Nc3
Qd3 22. Bg2 Nd4 0-1

[Event "Championnat de France des Jeunes - Pupil"]
[Site "LA ROCHE SUR YON"]
[Date "2008.04.21"]
[Round "2.1"]
[White "Martin, Damien"]
[Black "Giroyan, Gary"]
[Result "0-1"]
[WhiteElo "1652"]
[BlackElo "2047"]
[PlyCount "96"]

1. e4 c5 2. Ne2 a6 3. Nbc3 b5 4. a3 Bb7 5. d3 e6 6. g3 d5 7. Bg2 Nf6 8. exd5
Nxd5 9. O-O Nxc3 10. Nxc3 Bxg2 11. Kxg2 Qb6 12. Be3 Be7 13. Qg4 O-O 14. Kg1 f5
15. Qe2 Bf6 16. Qe1 Qc6 17. Qc1 Nd7 18. f4 Rfc8 19. Ne2 Nb6 20. c3 Qd5 21. d4
Nd7 22. Rd1 c4 23. Qc2 Be7 24. Nc1 Nf6 25. Qe2 Kf7 26. Re1 h5 27. h4 Rh8 28.
Bd2 Ne4 29. Kh2 Rh6 30. Rg1 Rg6 31. Be1 Rh8 32. Qe3 Rg4 33. Ne2 Rh6 34. Rd1 Bd8
35. Ra1 Ke7 36. Rb1 Kd6 37. Ra1 Qc6 38. Rd1 Kd5 39. Ra1 Qb6 40. Qf3 Rhg6 41.
Rd1 Qa5 42. Nc1 Bxh4 43. Ne2 Bf6 44. Kg2 Qa4 45. Bf2 Qc2 46. Rb1 h4 47. Rgc1
Qd3 48. Rg1 h3+ 0-1

[Event "Championnat de France des Jeunes - Pupil"]
[Site "LA ROCHE SUR YON"]
[Date "2008.04.21"]
[Round "2.2"]
[White "Lamard, Guillaume"]
[Black "Hoerdt, Audran"]
[Result "1-0"]
[WhiteElo "2024"]
[BlackElo "1660"]
[PlyCount "79"]

1. d4 Nf6 2. c4 c5 3. d5 e6 4. Nc3 exd5 5. cxd5 d6 6. g3 g6 7. Bg2 Bg7 8. Nf3
Bg4 9. O-O O-O 10. Bf4 a6 11. a4 Bxf3 12. Bxf3 Re8 13. Qd3 Qe7 14. a5 Nbd7 15.
Na4 Ne4 16. Bxe4 Qxe4 17. Qxe4 Rxe4 18. Bxd6 Rxe2 19. Rfe1 Rae8 20. Rxe2 Rxe2
21. Nxc5 Nxc5 22. Bxc5 Bxb2 23. Rd1 Bc3 24. Bb6 Re7 25. Rc1 Be5 26. Re1 f6 27.
Rd1 Rd7 28. f4 Bc7 29. Kf2 Kf7 30. Ke3 Bd6 31. Kd4 h6 32. Re1 Re7 33. Rc1 Rd7
34. Rf1 h5 35. h3 Re7 36. Bc5 Rd7 37. Bxd6 Rxd6 38. Kc5 Ke7 39. Re1+ Kd7 40.
Rb1 1-0

[Event "Championnat de France des Jeunes - Pupil"]
[Site "LA ROCHE SUR YON"]
[Date "2008.04.21"]
[Round "2.3"]
[White "Valente, Alexandre"]
[Black "Seyler, Victor"]
[Result "1-0"]
[WhiteElo "1910"]
[BlackElo "1650"]
[PlyCount "79"]

1. e4 e5 2. Nf3 Nc6 3. Bb5 a6 4. Ba4 Nf6 5. O-O Bc5 6. Re1 b5 7. Bb3 O-O 8. c3
Bb7 9. d4 exd4 10. cxd4 Bb4 11. Bd2 Bxd2 12. Nbxd2 Re8 13. Bc2 Nb4 14. Bb1 a5
15. a3 Na6 16. Qc2 d5 17. e5 Ne4 18. Qd1 Nxd2 19. Qxd2 b4 20. a4 f6 21. Bc2 c6
22. Re3 Rc8 23. Bf5 Rc7 24. Rae1 Rce7 25. Qd3 g6 26. Bxg6 hxg6 27. Qxg6+ Rg7
28. exf6 Rxg6 29. Rxe8+ Qxe8 30. Rxe8+ Kf7 31. Re7+ Kf8 32. Rxb7 Rxf6 33. Ne5
Rf4 34. Ng6+ Ke8 35. Nxf4 Kf8 36. h4 Kg8 37. h5 Kh8 38. h6 b3 39. h7 c5 40.
Ng6# 1-0